000 00304nam a22001337a 4500
008 170728b xxu||||| |||| 00| 0 eng d
020 _a9780024096111
041 _aeng
080 _a004
100 _a32
101 _aSHK
245 _aDEVELOPMENT OF DISTRIBUTED SOFTWARE
_cSHATZ,Z.M
942 _2udc
_cBK
999 _c22150
_d22150